E-11 Explorers Vocabulary Review Game Quiz Stats

 Plays Quiz not verified by Sporcle

Challenge
Share
Tweet
Embed
Score 0/11 Timer 10:00
0 Plays Today
Hint Vocabulary Word % Correct
an epidemic that spread through Europe from 1348 to about 1350 that killed as many as 75 million peopleBlack Death
92.5%
a nonexistent path through North America that early explorers searched for hoping that it would allow ships to sail from the Atlantic to the Pacific OceanNorthwest Passage
92.3%
To sail completely around somethingCircumnavigate
91.3%
to change beliefsConvert
91.3%
narrow, winding sea passageStrait
89%
settlements established by priests in Spanish America to convert local Indians to Catholicism Missions
87.8%
Transfer of plants, animals, and diseases between the Americas and Europe, Asia, and AfricaColumbian Exchange
86.8%
Spanish soldiers and explorers who led military expeditions in the Americas and captured land for SpainConquistadores
85.8%
Centuries long struggle to drive Moors from Spain; ended in 1492 with the surrender of the kingdom of GranadaReconquista
85.3%
a royal governor in Spanish americaViceroy
85%
Boundary established by Pope Alexander VI in 1493 about 300 miles west of the Azores; gave unclaimed land west of the line to Spain, and east of the line to PortugalLine of Demarcation
81.3%

You're not logged in!

Compare scores with friends on all Sporcle quizzes.
OR
Log In

You Might Also Like...

Show Comments

Extras

Top Quizzes Today


Score Distribution

Your Account Isn't Verified!

In order to create a playlist on Sporcle, you need to verify the email address you used during registration. Go to your Sporcle Settings to finish the process.

Report this User

Report this user for behavior that violates our Community Guidelines.

Details: